Lịch sử thế giới cổ trung đại Giáo trình CĐSP
Uloženo v:
| Hlavní autor: | |
|---|---|
| Další autoři: | , , |
| Médium: | Kniha |
| Vydáno: |
H.
ĐHSP
2003
|
| Témata: | |
| Tagy: |
Přidat tag
Žádné tagy, Buďte první, kdo otaguje tento záznam!
|
| Thư viện lưu trữ: | Trung tâm Học liệu Lê Vũ Hùng, Trường Đại học Đồng Tháp |
|---|
| LEADER | 02062pam a22003018a 4500 | ||
|---|---|---|---|
| 001 | 00025624 | ||
| 005 | 20171026081023.0 | ||
| 008 | 110810s2003 ||||||Viesd | ||
| 041 | 0 | # | |a Vie |
| 082 | 1 | 4 | |a 930 |b L302S |
| 100 | 0 | # | |a Nghiêm Đình Vỳ |e Chủ Biên |
| 245 | 0 | 0 | |a Lịch sử thế giới cổ trung đại |b Giáo trình CĐSP |c Nghiêm Đình Kỳ; Lại Ngọc Bích, Lương Kim Thoa, Nguyễn Văn Đoàn |
| 260 | # | # | |a H. |b ĐHSP |c 2003 |
| 300 | # | # | |a 381 tr. |c 24 cm. |
| 500 | # | # | |a ĐTTS ghi: Bộ GD và ĐT. Dự án đào tạo giáo viên THCS Loan No 1718-VIE (SF) |
| 653 | # | # | |a Lịch sử cổ đại |
| 653 | # | # | |a Lịch sử |
| 653 | # | # | |a Lịch sử trung đại |
| 653 | # | # | |a lịch sử thế giới |
| 700 | 0 | # | |a Lương Kim Thoa |
| 700 | 0 | # | |a Lại Ngọc Bích |
| 700 | 0 | # | |a Nguyễn Văn Đoàn |
| 852 | # | # | |b Kho giáo trình |j KGT.0026382, KGT.0026383, KGT.0026384, KGT.0026385, KGT.0026386, KGT.0026387, KGT.0026388, KGT.0026389, KGT.0026390, KGT.0026391, KGT.0026392, KGT.0026393, KGT.0026394, KGT.0026395, KGT.0026396, KGT.0026397, KGT.0026398, KGT.0026399, KGT.0026400, KGT.0026401, KGT.0026402, KGT.0026403, KGT.0026404, KGT.0026405, KGT.0026406, KGT.0026407, KGT.0026408, KGT.0026409, KGT.0026410, KGT.0026411, KGT.0026412, KGT.0026413, KGT.0026414, KGT.0032402, KGT.0033282, KGT.0033283, KGT.0047499 |
| 852 | # | # | |b Kho mượn |j KGT.0026382 |
| 852 | # | # | |j KGT.0026397 |j KGT.0026398 |j KGT.0026399 |j KGT.0026401 |j KGT.0026402 |j KGT.0026406 |j KGT.0026407 |j KGT.0026409 |j KGT.0026410 |j KGT.0026412 |j KGT.0026383 |j KGT.0026384 |j KGT.0026385 |j KGT.0026387 |j KGT.0026391 |j KGT.0026392 |j KGT.0026394 |j KGT.0032402 |j KGT.0033283 |j KGT.0047499 |j KGT.0026390 |j KGT.0026395 |j KGT.0026405 |j KGT.0026413 |j KGT.0026414 |j KGT.0026382 |j KGT.0026386 |j KGT.0026388 |j KGT.0026389 |j KGT.0026393 |j KGT.0026396 |j KGT.0026400 |j KGT.0026403 |j KGT.0026404 |j KGT.0026408 |j KGT.0026411 |j KGT.0033282 |
| 910 | 0 | # | |d 10/08/2011 |
| 980 | # | # | |a Trung tâm Học liệu Lê Vũ Hùng, Trường Đại học Đồng Tháp |